000 00709nam a2200253Ia 4500
003 OSt
005 20221005131737.0
006 a|||||r|||| 00| 0
007 ta
008 221004b |||||||| |||| 00| 0 san d
024 _a43706
037 _cTextual
040 _aCRL
_cCRL
_bsan
041 _2san
_asan
082 _aO15:1D61x, F5 close sec
100 _aBhartrihari
245 0 _aSubhashita trisati comm by Ramachandra Budhendra ed by Vasudev Laxman Shastri Pansikar
250 _a7th
260 _c1925
650 _a ENGLISH LITERATURE
650 _aSANSKRIT LITERATURE
942 _hO15:1D61x, F5 close sec
_cTEXL
_2cc
999 _c1061252
_d1061252